000
00262nam a22001217a 4500
008
181207b xxu||||| |||| 00| 0 eng d
041
_a
eng
080
_a
510
100
_a
38
101
_a
MAT
245
_a
Bussiness Mathematics
_c
Burton.S.K
942
_2
udc
_c
BK
999
_c
52998
_d
52998